|
|
|
แสดงรายละเอียดบรรณานุกรม |
|
|
Brief Record
: Get Marc (ISO 2709)
: E-mail record
: |
| LEADER 00000nam 2200000uu 4500 | |||
| 001 17302 | |||
| 003 ULIBM | |||
| 008 020711s2556 th a 000 0 tha d | |||
| 020 978-616-292-127-8 | |||
| 100 ภัทระ ฉลาดแพทย์ | |||
| 245 ผู้นำที่ยิ่งใหญ่ ต้องชนะใจและใช้คนเป็น | |||
| 250 พิมพ์ครั้งที่ 1 | |||
| 260 กรุงเทพฯ :^bแฮปปี้บุ๊ค,^c2556 | |||
| 300 160 หน้า | |||
| คุณยังไม่ได้ล็อกอิน คุณสามารถมีกิจกรรมร่วมกับเว็บไซต์ได้ แต่ต้องล็อกอินก่อน :: |
|
| สถานะ | |||||||||
| 1. | หนังสือ | 2556 c.1 Barcode: 0002630 | On Shelf | ||||||
| [แสดง 1/1 รายการ] | |||||||||
BibComment |
| คอมเมนท์ทรัพยากรรายการนี้ |
|
|